Long Leases (Scotland) Bill (Record no. 113115)
[ view plain ]
| 000 -LEADER | |
|---|---|
| fixed length control field | 01036cad a22002415a 4500 |
| 001 - CONTROL NUMBER | |
| control field | E154709 |
| 008 - FIXED-LENGTH DATA ELEMENTS--GENERAL INFORMATION | |
| fixed length control field | 120116s2012 xxk f s000 0 eng d |
| 020 ## - INTERNATIONAL STANDARD BOOK NUMBER | |
| International Standard Book Number | 9781406181456 |
| 035 ## - SYSTEM CONTROL NUMBER | |
| System control number | (Sirsi) u154709 |
| 041 0# - LANGUAGE CODE | |
| Language code of text/sound track or separate title | eng |
| 110 2# - MAIN ENTRY--CORPORATE NAME | |
| Corporate name or jurisdiction name as entry element | Scotland |
| Subordinate unit | Scottish Government |
| 9 (RLIN) | 5344 |
| 245 00 - TITLE STATEMENT | |
| Title | Long Leases (Scotland) Bill |
| Remainder of title | as introduced |
| Medium | [electronic resource] |
| 260 ## - PUBLICATION, DISTRIBUTION, ETC. | |
| Place of publication, distribution, etc. | [Edinburgh] |
| Name of publisher, distributor, etc. | Scottish Parliamentary Corporate Body |
| Date of publication, distribution, etc. | 2012 |
| 490 #0 - SERIES STATEMENT | |
| Series statement | SP Bill |
| Volume/sequential designation | (7) |
| 520 ## - SUMMARY, ETC. | |
| Summary, etc. | A Bill introduced on 13 January 2012 which will converts ultra-long leases into ownership (ultra-long leases are those which were let for over 175 years and that have over 100 years left to run from the designated day laid down in the Bill). |
| 521 ## - TARGET AUDIENCE NOTE | |
| Target audience note | Advanced |
| 590 ## - LOCAL NOTE (RLIN) | |
| Local note | KA |
| 650 24 - SUBJECT ADDED ENTRY--TOPICAL TERM | |
| Topical term or geographic name entry element | LONG LEASES (SCOTLAND) BILL |
| 651 #4 - SUBJECT ADDED ENTRY--GEOGRAPHIC NAME | |
| Geographic name | Scotland |
| Chronological subdivision | 1999- |
| 690 ## - LOCAL SUBJECT ADDED ENTRY--TOPICAL TERM (OCLC, RLIN) | |
| Topical term or geographic name as entry element | Landlord and tenant |
| 9 (RLIN) | 6252 |
| 856 40 - ELECTRONIC LOCATION AND ACCESS | |
| Uniform Resource Identifier | <a href="https://www.scottish.parliament.uk/parliamentarybusiness/Bills/45695.aspx">https://www.scottish.parliament.uk/parliamentarybusiness/Bills/45695.aspx</a> |
| Public note | View the Bill free of charge at www.scottish.parliament.uk |
| 942 ## - ADDED ENTRY ELEMENTS (KOHA) | |
| Suppress in OPAC | 0 |
| Withdrawn status | Lost status | Source of classification or shelving scheme | Damaged status | Not for loan | Home library | Current library | Shelving location | Date acquired | Total Checkouts | Full call number | Barcode | Date last seen | Copy number | Price effective from | Koha item type |
|---|---|---|---|---|---|---|---|---|---|---|---|---|---|---|---|
| Dewey Decimal Classification | Virtual | Virtual | Online | 16/01/2012 | ONLINE PUBLICATION | 154709-2001 | 06/08/2019 | 1 | 06/08/2019 | Book |